| 000 | 00944nam0a2200337 4500 | ||
|---|---|---|---|
| 001 | RU\NLR\bibl\1439221 | ||
| 005 | 20250615224052.0 | ||
| 010 |
_a978-5-8268-1242-6 _9100 |
||
| 021 |
_aRU _b2009-76974 _94817 |
||
| 035 | _a(nilc)RSL-KNO-004388174 | ||
| 035 | _a(NLR Aleph) 001431083 | ||
| 090 |
_a1403084 _c1403084 |
||
| 100 | _a20090918d2008 |||y0rusy50 ca | ||
| 101 | 0 | _arus | |
| 102 | _aRU | ||
| 105 | _ay zzzz||||| | ||
| 200 | 1 |
_aВерсия бесконечности _fОлег Сакович |
|
| 210 |
_aОмск _cИзд-во ОмГПУ _d2008 |
||
| 215 |
_a43, [1] с. _d21 |
||
| 686 |
_aШ5(2=Р)75-651 _2rubbk |
||
| 686 | _aШ6(2=Р)8-51 | ||
| 700 | 1 |
_aСакович _bО. _gОлег _4070 |
|
| 801 | 0 |
_aRU _bРКП _c20090918 _grcr |
|
| 801 | 1 |
_aRU _bРГБ _c20090918 |
|
| 801 | 2 |
_aRU _bNLR _c20091117 _grcr |
|
| 942 | _cBOOK | ||
| 980 | _aNB | ||
| 980 | _aNBR | ||